Gezeichnete Fußballwappen #4 - Statistiken

Allgemein
  • Dieses Quiz wurde 71 mal gespielt
  • Das Durchschnittsergebnis liegt bei 15 aus 16
Antwortstatistiken
Bildquiz Antwort % Korrekt
FC Barcelona
100%
Inter Mailand
98%
Manchester City
98%
Manchester United
95%
Tottenham Hotspur
95%
Atletico Madrid
94%
FC Chelsea
94%
Olympique Lyon
94%
PSV Eindhoven
94%
AC Mailand
92%
Celtic Glasgow
92%
Sporting Lissabon
89%
Aston Villa
88%
FC Sevilla
85%
FC Valencia
85%
Fenerbahce Istanbul
80%
Keine übereinstimmenden Quizze gefunden
Verteilung der Resultate
Anzahl Personen mit jedem Resultat
Perzentil nach korrekt beantworteten Fragen
Ihre Resultats-Entwicklung
Sie haben dieses Quiz noch nicht gespielt